| 000 | 00730nam a2200217 a 4500 | ||
|---|---|---|---|
| 005 | 20241026063726.0 | ||
| 008 | 030811s1997 mx r 000 0 spa d | ||
| 020 | _a8477863180 | ||
| 035 | _aUPN01000127774 | ||
| 049 | _aCG | ||
| 050 | 4 |
_aLB3061 _bL6.3 |
|
| 100 | 1 | _aLópez Puig, Anna | |
| 245 | 1 | 0 |
_aFracaso escolar en el aprendizaje de las matemáticas : _bun enfoque constructivista / _cAnna López Puig. |
| 260 |
_aCádiz, Esp. : _bUniversidad de Cádiz, Servicios de Publicaciones : _bFundación los Pinos, _c1997. |
||
| 300 | _a279 p. | ||
| 650 | 4 |
_aFracaso escolar _94966 |
|
| 650 | 4 |
_aMATEMATICAS - _xHISTORIA _916762 |
|
| 650 | 4 | _aPRUEBAS MATEMATICAS | |
| 650 | 4 |
_aMatemáticas _xMetodología _924466 |
|
| 905 | _aLibro | ||
| 999 |
_c99953 _d99953 |
||